| 000 | 01173camaa2200361Mi 4500 | ||
|---|---|---|---|
| 001 | 93036 | ||
| 005 | 20230411090051.0 | ||
| 008 | 880704s1976 sp o 000 0 spa d | ||
| 035 | _a(OCoLC)ocn434840378 | ||
| 040 |
_aBNM _erdc _bspa _cBNM _dESUDE |
||
| 016 | 7 |
_abimoBNE19910224031 _2SpMaBN |
|
| 017 | _aLE 437-1976 | ||
| 020 | _a8424147871 | ||
| 020 | _a9788424147877 | ||
| 035 | _a(OCoLC)434840378 | ||
| 080 | _a726.7(468.15 G.)(036) | ||
| 049 | _aGRAL | ||
| 100 | 1 | _aOrozco Díaz, Emilio. | |
| 245 | 1 | 3 |
_aLa Cartuja de Granada / _cEmilio Orozco Díaz ; fotografías, Oronoz, con la colaboración de Miguel Sánchez ; dirección artística, E. Marcos Vallaure. |
| 260 |
_aMadrid _bEverest _cD.L. 1976. |
||
| 300 |
_a92 p. _bprincipalmente il. col. _c25 cm. |
||
| 490 | 0 | _aColección ibérica | |
| 504 | _aBibliografâia. | ||
| 610 | 2 | 7 |
_aCartuja de Granada _vGuías turísticas. _2embne |
| 610 | 1 | 4 | _aCartuja de Granada (España) |
| 700 | 0 | _aOronoz. | |
| 700 | 1 |
_aSánchez, Miguel _d1921-1996. |
|
| 700 | 1 | _aMarcos Vallaure, Emilio. | |
| 830 | 0 | _aColección ibérica (Editorial Everest) | |
| 942 |
_2lcc _cbk |
||
| 994 |
_aC0 _bDRFGD |
||
| 946 | _aYM | ||
| 999 |
_c111890 _d111890 |
||